00678 a2200181 4500999001900000005001700019010001500036020003100051035001400082037001300096082001200109245010100121260003000222270006900252300002200321942003100343952012200374 c183497d18349720211227124406.0 aENG-130676 a978-93-90232-33-8c1595.00 aEN-114208 bDBAD/PUB a294.594 aYajnavalkya Dharmasastra:cEdited by Patrick OlivellebThe Textual History of a Hindu Legal Code aDelhibPrimus Booksc2020 aVirat Bhawan, Mukherjee Nagar, Commercial ComplexbDelhie110009 a448p.c25cm (hbk) adplcEN2ddch294.594mYAJ 001040708NFICaMbMd2021-12-27eDBAD/PUBg1595.00l0o294.594 YAJpEN-114208r2021-12-27 00:00:00t1v1595.00yEN